Michelle Magorian Novels Quiz Stats

Quiz not verified by Sporcle

Challenge
Share
Tweet
Embed
Score 0/8 Timer 03:00
0 Plays Today
Year Novel % Correct
1981Goodnight Mister Tom
100%
1998A Spoonful of Jam
60%
2008Just Henry
60%
2014Impossible
60%
1984Back Home
40%
1991A Little Love Song
40%
1994Cuckoo In The Nest
40%
2003Be Yourself
20%

You're not logged in!

Compare scores with friends on all Sporcle quizzes.
Sign Up with Email
OR
Log In

You Might Also Like...

Show Comments

Extras

Top Quizzes Today


Score Distribution

Your Account Isn't Verified!

In order to create a playlist on Sporcle, you need to verify the email address you used during registration. Go to your Sporcle Settings to finish the process.